000 00415 a2200169 4500
001 190303
020 _a85-262-4883-9
040 _cMagnum
100 _aCompany, Mercè
240 1 0 _aAs trigêmeas e ali-babá e os quarenta ladrões
_lpor
245 1 0 _aAs trigêmeas e ali-babá e os quarenta ladrões
300 _a30
362 0 _a2007
440 1 _aScipione
697 _aLITERATURA INFANTO
942 _cBK
999 _c190303
_d190303